| 000 | 00838nas a2200253Ia 4500 | ||
|---|---|---|---|
| 001 | R035/B2918 | ||
| 003 | IT-RoPAU | ||
| 008 | 151124c99999999xx |||||||||||| ||und|| | ||
| 040 | _aIT-RoPAU | ||
| 040 | _cIT-RoPAU | ||
| 041 | _aITALIANO | ||
| 100 |
_aRaffaelli Luca _gCodice Aut. SPICS: 31530 |
||
| 210 | _aSEGNO CINEMA | ||
| 222 | _aSegno Cinema | ||
| 245 |
_aSEGNO CINEMA, ANNO 13-N.59 (GENNAIO/FEBBRAIO 1993) _bCartoon di Formazione (Il) |
||
| 250 | _a1a ed. | ||
| 260 |
_aVICENZA _bCINEFORUM _c1993 |
||
| 501 |
_bPaulus - SPICS - Società San Paolo EM (non-commercial uses only) _cCopyright2015 |
||
| 300 | _a2 p. [11-12] | ||
| 362 | _aANNO 013, N.59 (GENNAIO/FEBBRAIO 1993) | ||
| 500 | _aConsiderazioni Sul Cartone Giapponese Contrapposto a Quello Americano. | ||
| 650 |
_aCINEMA _vPUBBLICAZIONE PERIODICA |
||
| 942 | _cCR | ||
| 999 |
_c133089 _d133089 |
||